Tavení intermetalických slitin typu gama TiAl ve vakuových indukčních pecích = melting of intermetallic of the gamma TiAl type in vacuum induction furnaces

Podrobná bibliografia
Hlavní autori: Zemčík, Ladislav (Author), Dlouhý, Antonín (Author)
Médium: Článok
Jazyk:Czech
Témy:
Zdroj: 1. Slévárenství 1. 0037-6825 1. Roč. 52, č. 6 (2004), s. 223-227
LEADER 01011nab#a2200313#ar4500
001 000049335
003 SVKKK
005 20040827102657.0
008 040827c2004 xo e cze
FMT
038 |a SVKKK 
040 |a SVKKK  |b slo  |e AACR2 
041 0 |a cze  |b eng 
044 |a xo  |c SK 
080 |a 669.295:621.365.5  |2 1997 
100 1 |a Zemčík, Ladislav  |4 aut 
245 1 0 |a Tavení intermetalických slitin typu gama TiAl ve vakuových indukčních pecích =  |b melting of intermetallic of the gamma TiAl type in vacuum induction furnaces  |c Ladislav Zemčík, Antonín Dlouhý 
300 |b Fotogr., obr., tab. 
504 |a Bibliogr. odkazy 
504 |a Res. angl. 
650 0 4 |a zliatiny intermetalické typu gama TiAl  |x pece indukčné  |x analýzy chemicko-fyzikálne  |x výpočty 
700 1 |a Dlouhý, Antonín  |4 aut 
773 0 |t Slévárenství  |x 0037-6825  |g Roč. 52, č. 6 (2004), s. 223-227 
958 |a NB 
974 |a MI 
992 |a RBX 
BAS
852 |a SVKKK  |b BIB 
998 |a HUT